000 00969nam a2200277 a 4500
001 4495678
003 OSt
005 20160412185717.0
008 970328s1997 sa b 000 0 eng
010 _a 97133643
020 _a0627022065
040 _aDLC
_cDLC
050 0 0 _aHD82
_b.D386 1997
082 _a658
_bDEV 1997
245 0 0 _aDevelopment administration and management :
_ba holistic approach /
_ceditor, D.A. Kotze ; contributors, G.E.J. Kellerman ... [et al.].
250 _a1st ed.
260 _aHatfield, Pretoria :
_bJ.L. van Schaik,
_c1997.
300 _axi, 113 p. ;
_c24 cm.
504 _aIncludes bibliographical references (p. 105-109) and index.
650 0 _aEconomic development
_xManagement.
_97786
700 1 _aKotze, D. A.
_97787
700 1 _aKellerman, G. E. J.
_97788
906 _a7
_bcbc
_corignew
_d3
_encip
_f19
_gy-gencatlg
942 _2ddc
_cSLOAN
999 _c3484
_d3484